Priestorová vizualizácia senzorických dát

Gespeichert in:
Bibliographische Detailangaben
1. Verfasser: Malina, Patrik (Verfasst von)
Weitere Verfasser: Findura, Jakub (Betreuung Doktorarbeit)
Format: Manuskript Buch
Sprache:Slowakisch
Veröffentlicht: 2023
Schlagworte:
Online-Zugang:http://is.stuba.sk/zp/portal_zp.pl?podrobnosti=164974
Tags: Tag hinzufügen
Keine Tags, Fügen Sie das erste Tag hinzu!

MARC

LEADER 00000ntm a22000003a 4500
001 stuzp92466
003 SK-STU
005 20230909213249.2
007 ta
008 150427s2015----xo-----f-mn---000-0-slo-d
040 |a STU  |b slo 
041 0 |a slo 
100 1 |a Malina, Patrik  |u 070400  |4 aut  |U FIIT Fakulta informatiky a informačných technológií  |T FIIT Ústav počítačového inžinierstva a aplikovanej informatiky  |X 112105  |U I400  |Y 672  |7 112105 
242 0 1 |a Spatial visualisation of sensor data  |y eng 
245 1 0 |a Priestorová vizualizácia senzorických dát 
260 |c 2023 
650 4 |a Vizualizácia  |2 slo 
650 4 |a Interpolácia  |2 slo 
650 4 |a Webová aplikácia  |2 slo 
650 4 |a Interpolation  |2 eng 
650 4 |a Web application  |2 eng 
650 4 |a Visualisation  |2 eng 
700 1 |a Findura, Jakub  |u 070400  |k Z2  |4 ths  |U FIIT Fakulta informatiky a informačných technológií  |T FIIT Ústav počítačového inžinierstva a aplikovanej informatiky  |X 72069  |U I400  |Y 672  |7 72069 
856 4 |u http://is.stuba.sk/zp/portal_zp.pl?podrobnosti=164974